[Event "British Universities-ch"]
[Site "Chess.com INT"]
[Date "2022.03.05"]
[Round "1.1"]
[White "Danopoulos, Spyridon"]
[Black "Bott, Simeon"]
[Result "0-1"]
[WhiteElo "1375"]
[BlackElo "1749"]
[PlyCount "112"]
[EventDate "2022.03.05"]
[EventType "swiss"]
[EventRounds "9"]
[EventCountry "ENG"]
[SourceTitle "EXT 2023"]
[Source "ChessBase"]
[SourceDate "2022.10.05"]
[SourceVersion "1"]
[SourceVersionDate "2022.10.05"]
[SourceQuality "1"]
[WhiteTeam "Southampton"]
[BlackTeam "Warwick (Knights) VII"]
[WhiteTeamCountry "ENG"]
[BlackTeamCountry "ENG"]

1. e4 c5 2. Nf3 d6 3. d4 cxd4 4. Nxd4 Nf6 5. Nc3 a6 6. f4 b5 7. a3 Bb7 8. Bd3 Nbd7 9. Be3 e6 10. Qe2 Nc5 11. Bf2 Be7 12. 0-0 0-0 13. Rad1 Qc7 14. Rd2 Rac8 15. Rfd1 Rfd8 16. Kh1 d5 17. e5 Nfe4 18. Bxe4 Nxe4 19. Nxe4 dxe4 20. c3 Bd5 21. Be3 Bc4 22. Qg4 a5 23. Ra1 g6 24. h4 b4 25. axb4 axb4 26. h5 bxc3 27. bxc3 Bd3 28. hxg6 hxg6 29. f5 Rxd4 30. Bxd4 exf5 31. Qg3 Bc5 32. Qf2 Bxd4 33. cxd4 Qc3 34. Re1 Rd8 35. d5 Rxd5 36. e6 fxe6 37. Red1 Rd7 38. Qg3 Rh7+ 39. Kg1 Qd4+ 40. Qf2 Qxf2+ 41. Kxf2 Kf7 42. Ra1 Kf6 43. Rb2 g5 44. Rb6 f4 45. Rc1 g4 46. Rcc6 e3+ 47. Kg1 Bf5 48. Rb2 Ra7 49. Rc1 Kg5 50. Kh2 Rh7+ 51. Kg1 f3 52. gxf3 gxf3 53. Rbb1 Kf4 54. Rb4+ Kg3 55. Rbc4 f2+ 56. Kf1 Bd3# 0-1

[Event "British Universities-ch"]
[Site "Chess.com INT"]
[Date "2022.03.05"]
[Round "9.1"]
[White "Danopoulos, Spyridon"]
[Black "Ruiz, Daniel"]
[Result "0-1"]
[WhiteElo "1375"]
[BlackElo "2134"]
[PlyCount "146"]
[EventDate "2022.03.05"]
[EventType "swiss"]
[EventRounds "9"]
[EventCountry "ENG"]
[SourceTitle "EXT 2023"]
[Source "ChessBase"]
[SourceDate "2022.10.05"]
[SourceVersion "1"]
[SourceVersionDate "2022.10.05"]
[SourceQuality "1"]
[WhiteTeam "Southampton"]
[BlackTeam "Warwick (En Passant) V"]
[WhiteTeamCountry "ENG"]
[BlackTeamCountry "ENG"]

1. e4 c5 2. Nf3 d6 3. d4 cxd4 4. Nxd4 Nf6 5. Nc3 Nc6 6. f4 Bg4 7. Nf3 e6 8. Be3 Be7 9. Be2 a6 10. 0-0 0-0 11. a3 Rc8 12. e5 Ne8 13. h3 Bxf3 14. Bxf3 Qc7 15. exd6 Nxd6 16. Qe2 Nf5 17. Kh2 Bd6 18. Be4 Nce7 19. Rad1 Ng6 20. Bxf5 exf5 21. Nd5 Qxc2 22. Rd2 Qe4 23. Rfd1 Nxf4 24. Nxf4 Bxf4+ 25. Bxf4 Qxf4+ 26. Kh1 h6 27. Qe7 Qe4 28. Qd7 g6 29. Rd5 Rc2 30. R1d2 Qe1+ 31. Kh2 Rxd2 32. Rxd2 Qe5+ 33. Kg1 Qe4 34. Qd6 Re8 35. Kh2 Qe5+ 36. Qxe5 Rxe5 37. Rd7 Rb5 38. b4 a5 39. bxa5 Rxa5 40. Rxb7 Rxa3 41. h4 Kg7 42. g3 g5 43. hxg5 hxg5 44. Rb6 f6 45. Rb7+ Kg6 46. Kg2 Ra2+ 47. Kf3 g4+ 48. Ke3 Ra3+ 49. Kf2 Rf3+ 50. Kg2 f4 51. gxf4 Rxf4 52. Rb8 Ra4 53. Rb5 f5 54. Kg3 Kg5 55. Rc5 Ra3+ 56. Kg2 Ra4 57. Kg3 Rd4 58. Ra5 Rd3+ 59. Kg2 Rf3 60. Rb5 Re3 61. Ra5 Kf4 62. Ra4+ Re4 63. Ra2 g3 64. Ra1 Re3 65. Rf1+ Kg5 66. Ra1 f4 67. Ra5+ Kg4 68. Ra4 Re2+ 69. Kf1 Rb2 70. Kg1 Kh3 71. Rxf4 Rb1+ 72. Rf1 Rxf1+ 73. Kxf1 Kh2 0-1

[Event "British Universities-ch"]
[Site "Chess.com INT"]
[Date "2022.03.05"]
[Round "6.1"]
[White "Dewar, Adam W"]
[Black "Danopoulos, Spyridon"]
[Result "0-1"]
[WhiteElo "1880"]
[BlackElo "1375"]
[PlyCount "60"]
[EventDate "2022.03.05"]
[EventType "swiss"]
[EventRounds "9"]
[EventCountry "ENG"]
[SourceTitle "EXT 2023"]
[Source "ChessBase"]
[SourceDate "2022.10.05"]
[SourceVersion "1"]
[SourceVersionDate "2022.10.05"]
[SourceQuality "1"]
[WhiteTeam "Heriot Watt"]
[BlackTeam "Southampton"]
[WhiteTeamCountry "SCO"]
[BlackTeamCountry "ENG"]

1. d4 c5 2. dxc5 e6 3. Nc3 Nf6 4. Bg5 Bxc5 5. e3 h6 6. Bh4 0-0 7. Bd3 d5 8. Nf3 Nc6 9. 0-0 a6 10. a3 Re8 11. b4 Be7 12. Ne2 e5 13. Nd2 e4 14. Bxf6 Bxf6 15. Rb1 exd3 16. cxd3 Bg4 17. f3 Bf5 18. e4 dxe4 19. dxe4 Bd4+ 20. Kh1 Bg6 21. Nb3 Bb6 22. Qc2 Qh4 23. Nc3 Bc7 24. g4 Rad8 25. Qg2 Nd4 26. Nc5 b6 27. Nxa6 Bf4 28. Nd5 Rxd5 29. exd5 Bxb1 30. Rxb1 Re2 0-1

[Event "British Universities-ch"]
[Site "Chess.com INT"]
[Date "2022.03.05"]
[Round "4.1"]
[White "Nikolov, Ivan"]
[Black "Danopoulos, Spyridon"]
[Result "0-1"]
[WhiteElo "1974"]
[BlackElo "1375"]
[PlyCount "148"]
[EventDate "2022.03.05"]
[EventType "swiss"]
[EventRounds "9"]
[EventCountry "ENG"]
[SourceTitle "EXT 2023"]
[Source "ChessBase"]
[SourceDate "2022.10.05"]
[SourceVersion "1"]
[SourceVersionDate "2022.10.05"]
[SourceQuality "1"]
[WhiteTeam "Warwick (Rooks) IV"]
[BlackTeam "Southampton"]
[WhiteTeamCountry "ENG"]
[BlackTeamCountry "ENG"]

1. e4 c5 2. Nf3 Nc6 3. d4 cxd4 4. Nxd4 e6 5. c4 Nf6 6. Nc3 Bb4 7. Nxc6 bxc6 8. Bd3 d5 9. cxd5 exd5 10. 0-0 Bxc3 11. bxc3 dxe4 12. Bc2 0-0 13. Bg5 Bf5 14. Re1 Qxd1 15. Raxd1 Nd5 16. Bd2 e3 17. Bxf5 exd2 18. Rxd2 Nxc3 19. Rc2 Rfe8 20. Kf1 Nb5 21. Rxe8+ Rxe8 22. Bd7 Rb8 23. Rxc6 Nd4 24. Rc1 h6 25. Rd1 Rb4 26. a3 Rc4 27. f3 Nc2 28. a4 Ne3+ 29. Ke2 Nxd1 30. Kxd1 a5 31. Kd2 Rb4 32. Kc3 Kf8 33. Bb5 Ke7 34. g3 f5 35. f4 g5 36. fxg5 hxg5 37. Kd3 f4 38. gxf4 gxf4 39. Ke2 Kf6 40. Kf3 Kg5 41. h3 Rb3+ 42. Kg2 Rg3+ 43. Kh2 Kh4 44. Bf1 Ra3 45. Kg2 Rxa4 46. Kf3 Rb4 47. Bd3 a4 48. Be4 a3 49. Bd5 Rb2 50. Kxf4 a2 51. Bxa2 Rxa2 52. Ke3 Ra4 53. Kd3 Kxh3 54. Kc3 Kg4 55. Kb3 Rf4 56. Kc3 Kf5 57. Kd3 Rh4 58. Ke3 Ke5 59. Kf3 Ra4 60. Ke3 Ra3+ 61. Ke2 Kd4 62. Kf2 Ke4 63. Kg2 Kf4 64. Kh2 Kg4 65. Kg1 Ra2 66. Kf1 Kg3 67. Ke1 Kf3 68. Kd1 Rh2 69. Kc1 Rg2 70. Kb1 Ke3 71. Ka1 Kd3 72. Kb1 Kc3 73. Ka1 Kb3 74. Kb1 Rg1# 0-1